| 000 | 00469nam a22001697a 4500 | ||
|---|---|---|---|
| 003 | NUST - PNEC | ||
| 005 | 20170116181010.0 | ||
| 008 | 150913b xxu||||| |||| 00| 0 eng d | ||
| 020 | _a0521213177 | ||
| 040 | _cLIBRARY | ||
| 082 | _a005.133 BAR | ||
| 100 |
_910071 _a Barron, D. W |
||
| 245 |
_aAn introduction to the study of programming languages _cBarron, D. W |
||
| 260 | _cc.1977 | ||
| 650 |
_916682 _aProgram Language _xMIS. Computer Science |
||
| 942 |
_2ddc _cBK |
||
| 999 |
_c67031 _d67031 |
||